000 00716nam a2200289Ia 4500
005 20260324142140.0
008 008 260324s9999 xx 000 0 eng d
020 _a9780203517352
037 _aEBOOK
040 _aCRL
040 _beng
040 _cCRL
041 _2eng
041 _aeng
084 _qCRL
100 _aPeter Collett; Adrian Furnham
_91210864
245 0 _aSocial Psychology at Work (Psychology Revivals)
245 0 _bEssays in honour of Michael Argyle
260 _bTaylor and Francis
260 _c1995
365 _a
365 _b265
856 _uhttp://www.taylorfrancis.com/books/9780203517352
942 _cEBOOK
999 _c1814720
_d1814720